Ist__ein Land? - Statistiken

Allgemein
  • Dieses Quiz wurde 838 mal gespielt
  • Das Durchschnittsergebnis liegt bei 14 aus 15
Antwortstatistiken
Frage Antwort % Korrekt
Ist Norwegen ein Land? Ja
100%
Ist Fliegenwasserland ein Land? Nein
100%
Ist Boxen ein Land? Nein
100%
Ist London ein Land? Nein
100%
Ist Spitzbergen ein Land? Nein
97%
Ist Texas ein Land? Nein
97%
Ist Ontario ein Land? Nein
97%
Ist Belize ein Land? Ja
94%
Ist Kap Verde ein Land? Ja
94%
Ist Suva ein Land? Nein
94%
Ist Samoa ein Land? Ja
91%
Ist Nauru ein Land? Ja
91%
Ist Grönland ein Land? Nein
91%
Ist Tasmanien ein Land? Nein
83%
Ist Bermuda ein Land? Nein
83%
Keine übereinstimmenden Quizze gefunden
Verteilung der Resultate
Anzahl Personen mit jedem Resultat
Perzentil nach korrekt beantworteten Fragen
Ihre Resultats-Entwicklung
Sie haben dieses Quiz noch nicht gespielt